000 004590000a22001570004500
003 MACL
005 20180308162546.0
008 180308b xxu||||| |||| 00| 0 eng d
040 _cMACL
100 _aफिराक गोरखपुरी
_954334
245 _aरंगारंग शायरी
260 _bसुबोध पब्लिकेशन
_c1990
350 _a60
650 _aकविता
_971122
942 _cHIN
_k891.431/GOU/P
_2ddc
999 _c20829
_d20829